000 00952nam0a22002531 4500
001 rc\2124524
005 20250623002302.0
035 _a(NLR Aleph) 006489456
090 _a6117108
_c6117108
100 _a20110829d1979 |||y0rusy50 ca
101 0 _arus
102 _aRU
105 _ay j |||||
200 1 _aЗадачник по техническому нормированию и НОТ
_eУчеб. пособие
210 _aЯрославль
_cЯрослав. политехн. ин-т
_d1979
215 _a40 с.
_d20
300 _aВ надзаг.: М-во высш. и сред. спец. образования РСФСР, Яросл. политехн. ин-т (голов.), Костром. технол. ин-т
700 1 _aБалыш
_bВ.И.
701 1 _aМомренко
_bГ.П.
_gГалина Петровна
801 0 _aRU
_bNLR
_gpsbo
801 1 _aRU
_bELAR
_2rusmarc
852 _aNLR
_j80-4/9443
942 _cBOOK
980 _aNB